• 首页
  • 本馆介绍
  • 公告通知
  • 最新文献
  • 馆藏检索
  • 电子资源
  • 读者导购
  • 参考咨询
  • 我的图书馆
  • 登录
  • 详细信息显示
  • 放入我的书架
  • 预约/预借图书
  • 作者相关作品
  • 分类相关作品
  • 丛书相关作品
  • 出版社相关作品

书目信息

  • 表格格式
  • 工作单格式
  • 卡片格式
题名:
金属固态相变原理
    
 
作者: 徐洲 主编
分册:  
出版信息: 北京   科学出版社  2004
页数: 171页
开本: 26cm
丛书名:
单 册:
中图分类: TG111.5
科图分类:
主题词: 金属学 , 物理冶金学
电子资源:
ISBN: 7-03-012738-2
000 00600nam0 2200217 450
001 0636958210
005 20061008101722.68
010    @a7-03-012738-2@dCNY20.00
100    @a20061008d2004 km y0chiy0120 ea
101 0  @achi
102    @aCN@b110000
200 1  @a金属固态相变原理@Ajin shu gu tai xiang bian yuan li@f徐洲 主编@Fxu zhou zhu bian
210    @a北京@c科学出版社@d2004
215    @a171页@d26cm
300    @a21世纪高等院校教材
606 0  @a金属学
606 0  @a物理冶金学
690    @aTG111.5@v3
701  0 @a徐洲@Axu zhou@4主编
801  0 @aCN@bPFT@c20061008
905    @a10447@dTG111.5@e38
    
    金属固态相变原理/徐洲 主编.-北京:科学出版社,2004
    171页;26cm
    21世纪高等院校教材
    
    ISBN 7-03-012738-2:CNY20.00
    
●
相关链接 在E读中查询图书 在五车中查询图书 在当当中查询图书 在豆瓣中查询图书


正题名:金属固态相变原理     索取号:TG111.5/38         预约/预借

序号 登录号 条形码 馆藏地/架位号 状态 备注
1 0501578   205015785   密集书库/ [索取号:TG111.5/38] 在馆    
唐山师范学院图书馆 欢迎您!
大连网信软件有限公司© 版权所有